Marco Tulio Salazar : centenario ejemplo /

Furkejuvvon:
Bibliográfalaš dieđut
Váldodahkki: Valembois Verbiest, Victor
Materiálatiipa: Dovdameahttun
Giella:Spanish
Fáttát:
Fáddágilkorat: Lasit fáddágilkoriid
Eai fáddágilkorat, Lasit vuosttaš fáddágilkora!

MARC

LEADER 000000000a22000000004500
001 002927
041 0 |a spa 
100 1 |a Valembois Verbiest, Victor 
245 1 0 |a Marco Tulio Salazar :   |b centenario ejemplo /   |c Victor Valembois Verbiest. 
310 |a semestral 
650 4 |a SALAZAR, MARCO TULIO 
650 4 |a HOMENAJES 
773 0 |x 1659-0066  |d San José, Costa Rica : Editorial de la Universidad de Costa Rica  |t Revista Herencia  |g volumen 17, número 1 (2005), páginas 7-25 
942 |c ARC 
999 |c 9964  |d 9964